中国内地没有火车客运的地级行政区 - Statistics

General Stats
  • This quiz has been taken 239 times
    237 since last reset
  • The average score is 7 of 13
Answer Stats
无铁路客运地区 % Correct
阿里地区
95%
昌都市
75%
果洛藏族自治州
67%
海南藏族自治州
64%
甘孜藏族自治州
63%
玉树藏族自治州
63%
黄南藏族自治州
62%
怒江傈僳族自治州
57%
三沙市
43%
舟山市
41%
德宏傣族景颇族自治州
40%
甘南藏族自治州
40%
临夏回族自治州
36%
No matching quizzes found
Score Distribution
Percent of People with Each Score
Percentile by Number Answered
Your Score History
You have not taken this quiz since the last reset